Ville de France par Zoom sur Google Maps. - Statistiques

Statistiques générales
  • Ce quiz a été pris 328 fois
    287 depuis la dernière actualisation
  • Le résultat moyen est 28 sur 73
Statistiques - réponses
Indication Réponse % Correct
1 Zoom Paris
98%
2 Zoom Marseille
95%
2 Zoom Lyon
92%
2 Zoom Lille
82%
2 Zoom Bordeaux
80%
4 Zoom Nice
78%
2 Zoom Rennes
78%
2 Zoom Nantes
77%
2 Zoom Toulouse
77%
2 Zoom Strasbourg
76%
2 Zoom Brest
70%
3 Zoom Montpellier
69%
2 Zoom Clermont - Ferrand
63%
4 Zoom Dijon
61%
2 Zoom Grenoble
60%
4 Zoom Metz
55%
4 Zoom Reims
54%
4 Zoom Le Havre
53%
4 Zoom Saint - Etienne
53%
4 Zoom Rouen
52%
4 Zoom Toulon
52%
2 Zoom Tours
52%
4 Zoom Angers
51%
4 Zoom Orléans
51%
4 Zoom Caen
50%
4 Zoom Nancy
48%
2 Zoom Limoges
47%
4 Zoom Perpignan
46%
4 Zoom Amiens
43%
2 Zoom La Rochelle
42%
4 Zoom Poitiers
42%
3 Zoom Cannes
40%
4 Zoom Dunkerque
40%
4 Zoom La - Roche - sur - Yon
38%
4 Zoom Le Mans
37%
4 Zoom Pau
37%
4 Zoom Calais
36%
4 Zoom Quimper
36%
4 Zoom Lorient
35%
4 Zoom Troyes
33%
4 Zoom Versailles
33%
4 Zoom Valence
31%
4 Zoom Besançon
30%
4 Zoom Bourges
29%
4 Zoom Vannes
29%
4 Zoom Avignon
28%
4 Zoom Aix en Provence
26%
4 Zoom Béziers
22%
4 Zoom Angoulême
21%
4 Zoom Saint - Malo
21%
4 Zoom Carcassonne
20%
4 Zoom Chambéry
20%
4 Zoom Agen
16%
4 Zoom Albi
16%
4 Zoom Arras
16%
4 Zoom Montauban
15%
4 Zoom Mâcon
12%
4 Zoom Saint Nazaire
12%
4 Zoom Brive
9%
4 Zoom Auch
8%
4 Zoom Sète
8%
4 Zoom Cholet
7%
4 Zoom Vichy
7%
4 Zoom Chamonix
6%
4 Zoom Arcachon
5%
4 Zoom Bergerac
5%
4 Zoom Royan
5%
4 Zoom Concarneau
4%
4 Zoom Rochefort
4%
4 Zoom Lannion
3%
4 Zoom Lourdes
3%
4 Zoom Landerneau
1%
4 Zoom Perros - Guirec
0%
Aucun quiz correspondant
Distribution des résultats
% des personnes avec chaque résultat
Percentile par nombre de réponses
Votre historique - résultats
Vous n’avez pas pris ce quiz depuis la dernière actualisation